[Event "Titled Tuesday intern op 09th Jan Early"]
[Site "Chess.com INT"]
[Date "2024.01.09"]
[Round "5"]
[White "Martinez Ramirez, Lennis"]
[Black "Pranesh, M."]
[Result "0-1"]
[WhiteElo "2448"]
[BlackElo "2538"]
[PlyCount "72"]
[EventDate "2024.01.09"]
[EventType "swiss (blitz)"]
[EventRounds "11"]
[EventCountry "USA"]
[SourceTitle "CB03_2024"]
[SourceDate "2024.01.17"]
[SourceVersion "1"]
[SourceVersionDate "2024.01.17"]
[SourceQuality "1"]

1. Nf3 c5 2. e4 Nc6 3. Bb5 Qc7 4. 0-0 Nf6 5. Nc3 e6 6. Re1 h5 7. h3 Nd4 8. e5 Ng8 9. a4 Ne7 10. Bf1 a6 11. Ne4 Nef5 12. c3 Nxf3+ 13. Qxf3 Qxe5 14. d4 cxd4 15. Bf4 Qa5 16. b4 Qd8 17. Bd3 Be7 18. Nc5 Nh4 19. Qg3 d6 20. Nb3 g5 21. Bd2 dxc3 22. Bxc3 e5 23. Qe3 Nf5 24. Qe2 Ng7 25. Na5 0-0 26. Rad1 Rb8 27. Bb1 Qc7 28. Qc2 Bf5 29. Qb2 Bxb1 30. Rxb1 b6 31. Nb3 Qd7 32. Bd2 Qxa4 33. Ra1 Qb5 34. Nd4 Qd5 35. Nf3 Ne6 36. Nh2 a5 0-1

[Event "Titled Tuesday intern op 09th Jan Early"]
[Site "Chess.com INT"]
[Date "2024.01.09"]
[Round "2"]
[White "Martinez Ramirez, Lennis"]
[Black "Shubhi, Gupta"]
[Result "1-0"]
[WhiteElo "2448"]
[BlackElo "1913"]
[PlyCount "75"]
[EventDate "2024.01.09"]
[EventType "swiss (blitz)"]
[EventRounds "11"]
[EventCountry "USA"]
[SourceTitle "CB03_2024"]
[SourceDate "2024.01.17"]
[SourceVersion "1"]
[SourceVersionDate "2024.01.17"]
[SourceQuality "1"]

1. g3 d5 2. Bg2 Nf6 3. Nf3 c6 4. 0-0 Bg4 5. d3 Nbd7 6. Nbd2 e5 7. e4 dxe4 8. dxe4 Bc5 9. h3 Bh5 10. Qe2 0-0 11. a4 a5 12. Nb3 Bb6 13. Be3 Qc7 14. Rfd1 Rad8 15. g4 Bg6 16. Nh4 Bxe3 17. Qxe3 Nb6 18. Rxd8 Rxd8 19. Nxa5 Rd4 20. Nxg6 hxg6 21. Qb3 Nxe4 22. Bxe4 Rxe4 23. Nxb7 Nxa4 24. Rxa4 Rxa4 25. Qxa4 Qxb7 26. b4 Qb5 27. Qb3 Kf8 28. Qc3 Qd5 29. Kh2 Ke7 30. Kg3 Kd7 31. h4 Qd4 32. Qxd4+ exd4 33. Kf4 Ke6 34. Ke4 f5+ 35. gxf5+ gxf5+ 36. Kxd4 Kd6 37. c4 g6 38. f4 1-0